[Event "Budapest-chT1 Lilienthal 1718"]
[Site "Budapest"]
[Date "2018.04.15"]
[Round "13"]
[White "Meszaros, Geza"]
[Black "Bognar, Bence"]
[Result "1/2-1/2"]
[WhiteElo "1897"]
[BlackElo "1996"]
[PlyCount "106"]
[EventDate "2017.10.01"]
[EventType "team-tourn"]
[EventRounds "13"]
[EventCountry "HUN"]
[SourceTitle "EXT 2021"]
[Source "ChessBase"]
[SourceDate "2020.10.23"]
[SourceVersion "1"]
[SourceVersionDate "2020.10.23"]
[SourceQuality "1"]
[WhiteTeam "Csepel"]
[BlackTeam "SENSE"]
[WhiteTeamCountry "HUN"]
[BlackTeamCountry "HUN"]

1. e4 e5 2. Nf3 Nc6 3. Bb5 a6 4. Ba4 Nf6 5. 0-0 Be7 6. Re1 b5 7. Bb3 0-0 8. c3 d5 9. d3 Bg4 10. Nbd2 a5 11. a4 b4 12. h3 Bh5 13. Nf1 bxc3 14. bxc3 Rb8 15. Bc2 d4 16. Bd2 Rb2 17. g4 Bg6 18. Bc1 Rb6 19. Bd2 Nd7 20. Ng3 Qb8 21. Rb1 f6 22. Bb3+ Kh8 23. Bd5 dxc3 24. Bxc3 Nb4 25. Bc4 Nc5 26. Nf5 Bxf5 27. gxf5 Rd8 28. Nh4 Nbxd3 29. Ng6+ hxg6 30. Qg4 Ne6 31. fxg6 Bb4 32. Bxe6 Rxe6 33. Qxe6 Nxe1 34. Bxe1 Qc8 35. Qxc8 Rxc8 36. Bxb4 Rb8 37. Rc1 axb4 38. Rxc7 b3 39. Rc1 Kg8 40. f3 Kf8 41. Kf2 Ra8 42. Rb1 Rxa4 43. Rxb3 Ra7 44. h4 Ke7 45. Rb8 Ke6 46. Re8+ Kd7 47. Rf8 Ke6 48. h5 Rb7 49. Kg3 Rb1 50. h6 gxh6 51. Kg2 Rb7 52. Rh8 Rg7 53. Rxh6 f5 1/2-1/2

[Event "Budapest-chT1 Lilienthal 1314"]
[Site "Budapest"]
[Date "2013.11.10"]
[Round "3"]
[White "Fodor, Balazs"]
[Black "Meszaros, Geza"]
[Result "0-1"]
[WhiteElo "1892"]
[BlackElo "1943"]
[PlyCount "48"]
[EventDate "2013.09.29"]
[EventType "team-tourn"]
[EventRounds "11"]
[EventCountry "HUN"]
[SourceTitle "EXT 2021"]
[Source "ChessBase"]
[SourceDate "2020.10.23"]
[SourceVersion "1"]
[SourceVersionDate "2020.10.23"]
[SourceQuality "1"]
[WhiteTeam "Taban Spartacus II"]
[BlackTeam "Csepel"]
[WhiteTeamCountry "HUN"]
[BlackTeamCountry "HUN"]

1. d4 Nf6 2. c4 g6 3. Nc3 Bg7 4. e4 d6 5. f3 0-0 6. Be3 Nbd7 7. Qd2 c5 8. d5 a6 9. 0-0-0 Qa5 10. Bh6 Rb8 11. g4 b5 12. cxb5 axb5 13. Bxb5 Rxb5 14. Nxb5 Qxb5 15. Bf4 Ba6 16. h4 Rb8 17. Rh2 Nxe4 18. fxe4 Qc4+ 19. Qc2 Bxb2+ 20. Kd2 Qd4+ 21. Ke1 Qxg1+ 22. Kd2 Qd4+ 23. Ke1 Bc3+ 24. Rhd2 Qg1# 0-1